| 000 | 00628nam a2200205Ii 4500 | ||
|---|---|---|---|
| 003 | JO-AjNU | ||
| 008 | 230605s9999||||xx |||||||||||||| ||und|| | ||
| 040 |
_aJO-AjNU _bara _erda _cJO-AjNU |
||
| 041 | _aara | ||
| 050 | 1 | 4 | _aP189.7 2008 |
| 100 | 3 |
_aد.م, _eauthor _940824 |
|
| 245 | 0 | 0 | _aالوظيفة الشاذلية اليشرطية |
| 250 | _aط58 | ||
| 264 | 3 | 1 | _aد.م:د.ن,2008 |
| 300 | _a24ص | ||
| 336 |
_atext _btxt _2rdacontent |
||
| 337 |
_aunmediated _bn _2rdamedia |
||
| 338 |
_avolume _bnc _2rdacarrier |
||
| 650 | 4 |
_aالشاذلية اليشرطية-الوظيفة الشاذلية اليشرطية _940825 |
|
| 999 |
_aA17356 _c20924 _d20924 |
||